Music: Nur die STONES - Sudden Death - Statistiken

Allgemein
  • Dieses Quiz wurde 114 mal gespielt
    108 seit der letzten Aktualisierung
  • Das Durchschnittsergebnis liegt bei 7 aus 18
Answers on the Grid
Answers color-coded by a green-red scale on the quiz's grid according to % correct below.
Sympathy For The Devil
Angie
Satisfaction
Brown Sugar
Jumpin’ Jack Flash
Honky Tonk Woman
Gimme Shelter
You Can‘t Always Get What You Want
Start Me Up
Beast Of Burden
Emotional Rescue
Angry
Mother‘s Little Helper
Paint It Black
Lady Jane
Baby Jane
She‘s Got Legs
White Horses
Paranoid
Smells Like Teen Spirit
School‘s Out
Papa Was A Rolling Stone
Black Betty
Under My Thumb
Tie You Up (The Pain Of Love)
Whole Lotta Love
Sharp Dressed Men
Is She Really Going Out With Him
Light My Fire
Word Up!
Somethin’ Got Me Started
Eye In The Sky
Bohemian Rapsody
Squonk
Fools Overture
Can‘ Get You Out Of My Head
Don't Let Me Down
Paradise City
Gimme Some Lovin‘
Black and White
Lola
Wild Horses
 
Antwortstatistiken
Antwort % Korrekt
Angie
72%
Paint It Black
64%
Satisfaction
60%
Jumpin’ Jack Flash
56%
Start Me Up
52%
Sympathy For The Devil
52%
Brown Sugar
48%
You Can‘t Always Get What You Want
48%
Wild Horses
44%
Beast Of Burden
40%
Gimme Shelter
40%
Honky Tonk Woman
40%
Under My Thumb
40%
Lady Jane
20%
Angry
16%
Mother‘s Little Helper
16%
Emotional Rescue
8%
Tie You Up (The Pain Of Love)
4%
Keine übereinstimmenden Quizze gefunden
Verteilung der Resultate
Anzahl Personen mit jedem Resultat
Perzentil nach korrekt beantworteten Fragen
Ihre Resultats-Entwicklung
Sie haben dieses Quiz seit der letzten Aktualisierung nicht gespielt